000 00908nam a2200289Ia 4500
001 Para_6269
003 CHAP
008 220125s1892 xx 000 0 und d
010 _a205012
040 _cCHAP
082 _aPA-C 595.7 B85
100 _aTownsend, C. H. Tyler
_9170948
245 _aNotices of importance concerning fruit insects /
_c by C. H. Tyler Townsend
260 _aLas Cruces, N. M. :
_b College of Agriculture. Agricultural Experiment Station
300 _a11 p.
440 _aBulletin; 5
_9170949
500 _aEncuadernado con: Studies of life histories of froghoppers of Maine / Herbert Osborn
650 _aFruta
_x plagas
_943646
650 _aInsectos
_x ParĂ¡sitos
_958938
901 _aPA-C 595.7 B85
902 _aA
905 _a0000001892 0000000000 00
910 _a1892
942 _cPARA
942 _cPARA
_d1
999 _c205012
_d205012